Children and youth: their health and welfare. (Record no. 90976)
[ view plain ]
| 000 -LEADER | |
|---|---|
| fixed length control field | 00931cam a22002771 4500 |
| 001 - CONTROL NUMBER | |
| control field | ss 58000002 |
| 003 - CONTROL NUMBER IDENTIFIER | |
| control field | DLC |
| 005 - DATE AND TIME OF LATEST TRANSACTION | |
| control field | 20260227112752.0 |
| 008 - FIXED-LENGTH DATA ELEMENTS--GENERAL INFORMATION | |
| fixed length control field | 780930s1958 dcuab f000 0 eng c |
| 010 ## - LIBRARY OF CONGRESS CONTROL NUMBER | |
| LC control number | ss 58000002 |
| 035 ## - SYSTEM CONTROL NUMBER | |
| System control number | (OCoLC)4250556 |
| 040 ## - CATALOGING SOURCE | |
| Original cataloging agency | U. S. Social Security Administration. Library |
| Transcribing agency | NBrockU |
| Modifying agency | NBrockU |
| -- | ISS |
| -- | OCoLC |
| -- | DLC |
| 042 ## - AUTHENTICATION CODE | |
| Authentication code | premarc |
| 050 00 - LIBRARY OF CONGRESS CALL NUMBER | |
| Classification number | HV741 |
| Item number | .A412 1958 |
| 082 ## - DEWEY DECIMAL CLASSIFICATION NUMBER | |
| Classification number | 362.7 |
| 086 0# - GOVERNMENT DOCUMENT CLASSIFICATION NUMBER | |
| Classification number | FS 17.210:363 |
| 110 1# - MAIN ENTRY--CORPORATE NAME | |
| Corporate name or jurisdiction name as entry element | United States. |
| Subordinate unit | Children's Bureau. |
| 245 10 - TITLE STATEMENT | |
| Title | Children and youth: their health and welfare. |
| 260 ## - PUBLICATION, DISTRIBUTION, ETC. | |
| Place of publication, distribution, etc. | [Washington, |
| Name of publisher, distributor, etc. | U.S. Govt. Print. Off., |
| Date of publication, distribution, etc. | 1958] |
| 300 ## - PHYSICAL DESCRIPTION | |
| Extent | [47] l. |
| Other physical details | maps, diagrs. |
| Dimensions | 19 x 25 cm. |
| 490 1# - SERIES STATEMENT | |
| Series statement | Its Publication |
| Volume/sequential designation | no. 363 |
| 650 #0 - SUBJECT ADDED ENTRY--TOPICAL TERM | |
| Topical term or geographic name entry element | Child welfare |
| Geographic subdivision | United States. |
| 650 #0 - SUBJECT ADDED ENTRY--TOPICAL TERM | |
| Topical term or geographic name entry element | Youth |
| Geographic subdivision | United States. |
| 650 #0 - SUBJECT ADDED ENTRY--TOPICAL TERM | |
| Topical term or geographic name entry element | Children |
| General subdivision | Health and hygiene |
| Geographic subdivision | United States. |
| 810 1# - SERIES ADDED ENTRY--CORPORATE NAME | |
| Corporate name or jurisdiction name as entry element | United States. |
| Subordinate unit | Children's Bureau. |
| Title of a work | Publication |
| Volume/sequential designation | no. 363. |
No items available.